Los paradigmas.

Guardado en:
Formato: Deslizar
Materias:
Etiquetas: Agregar Etiqueta
Sin Etiquetas, Sea el primero en etiquetar este registro!
LEADER 00838ngm a22002055g 4500
001 CEM.cems022586
008 130507b2001##################0###0#####d
005 20241108133100.0
245 0 0 |a Los paradigmas. 
300 |a 40'. 
500 |a En soporte VHS, consultar en ventanilla. 
505 0 |a Las nuevas ideas. Resistencia a los cambios. El ejemplo de Galileo. Los paradigmas: definición. El desafío de descubrir el futuro. Efectos de los paradigmas en los cambios y descubrimientos. Utilidades y advertencias. 
538 |a Soporte: VHS - Norma: Pal N - Color: Si - Grabación DRD 2001 - Hitachi=0000 
082 5 0 |/ PAR 
653 |a PARADIGMAS 
653 |a IDEAS 
653 |a CONOCIMIENTO CIENTIFICO 
653 |a NIVEL PRIMARIO 
653 |a NIVEL SECUNDARIO 
859 |a CEMS  |b BIB. CEMS - Depto. Recursos Didacticos  |h 501  |i PAR  |k DRD  |p 1229.12  |t Ej.1